[Event "Fagernes op"]
[Site "Fagernes"]
[Date "2020.10.07"]
[Round "5"]
[White "Granum, Roger"]
[Black "Lie, Terje"]
[Result "0-1"]
[WhiteElo "1599"]
[BlackElo "1538"]
[PlyCount "118"]
[EventDate "2020.10.04"]
[EventType "swiss"]
[EventRounds "9"]
[EventCountry "NOR"]
[SourceTitle "EXT 2024"]
[Source "ChessBase"]
[SourceDate "2023.10.10"]
[SourceVersion "1"]
[SourceVersionDate "2023.10.10"]
[SourceQuality "1"]

1. e4 d6 2. Nf3 Nf6 3. Nc3 c5 4. d4 cxd4 5. Nxd4 g6 6. Bc4 Bg7 7. Bg5 0-0 8. Qd2 Nc6 9. Nxc6 bxc6 10. 0-0 a5 11. Rfe1 Nd7 12. Bh6 Ba6 13. Bxg7 Kxg7 14. Bxa6 Rxa6 15. Rad1 Ne5 16. Kh1 Qb6 17. b3 Ng4 18. Kg1 Raa8 19. h3 Ne5 20. Ne2 Qb4 21. Nc3 Qb6 22. Kh1 f6 23. a3 Qc5 24. f4 Nf7 25. a4 Rab8 26. Re3 Rfd8 27. Qe2 e5 28. f5 g5 29. Rg3 Rh8 30. Qh5 Kf8 31. Rgd3 Rd8 32. R1d2 Ke7 33. Ne2 h6 34. Rc3 Qb6 35. Qf3 h5 36. Qd3 h4 37. Qc4 Kf8 38. Qxc6 Qf2 39. Qd5 g4 40. Rc7 Ng5 41. Ng1 Qf4 42. hxg4 Qxe4 43. Nh3 Qe1+ 44. Kh2 Qg3+ 45. Kh1 Qe1+ 46. Ng1 h3 47. Re2 hxg2+ 48. Kxg2 Qh4 49. Re4 Qh1+ 50. Kf1 Qxe4 51. Rf7+ Ke8 52. Qxe4 Nxe4 53. Ra7 Rh2 54. Rxa5 Rxc2 55. Ne2 Nd2+ 56. Kg1 Nxb3 57. Rb5 Rxe2 58. Rxb3 Rc8 59. Rb1 Ra2 0-1

[Event "Fagernes op"]
[Site "Fagernes"]
[Date "2020.10.05"]
[Round "2"]
[White "Lye, Sverre"]
[Black "Granum, Roger"]
[Result "1-0"]
[WhiteElo "1799"]
[BlackElo "1599"]
[PlyCount "49"]
[EventDate "2020.10.04"]
[EventType "swiss"]
[EventRounds "9"]
[EventCountry "NOR"]
[SourceTitle "EXT 2024"]
[Source "ChessBase"]
[SourceDate "2023.10.10"]
[SourceVersion "1"]
[SourceVersionDate "2023.10.10"]
[SourceQuality "1"]

1. e4 c5 2. Nf3 e6 3. d4 cxd4 4. Nxd4 Nf6 5. Nc3 Nc6 6. Be3 a6 7. a3 d6 8. Be2 Be7 9. 0-0 Bd7 10. f4 Nxd4 11. Bxd4 Bc6 12. Bf3 Qc7 13. Qe1 e5 14. fxe5 dxe5 15. Qg3 Bd6 16. Qxg7 Rg8 17. Qxf6 exd4 18. e5 Bxf3 19. Rxf3 Be7 20. Qxf7+ Kd7 21. Nd5 Qxe5 22. Nf6+ Qxf6 23. Rxf6 Raf8 24. Qd5+ Ke8 25. Rxf8+ 1-0

[Event "Fagernes Norsk op-B"]
[Site "Fagernes"]
[Date "2012.04.28"]
[Round "1"]
[White "Garberg, Tore"]
[Black "Granum, Roger"]
[Result "1-0"]
[WhiteElo "1950"]
[BlackElo "1445"]
[PlyCount "60"]
[EventDate "2012.04.28"]
[EventType "swiss"]
[EventRounds "7"]
[EventCountry "NOR"]
[SourceTitle "EXT 2024"]
[Source "ChessBase"]
[SourceDate "2023.10.10"]
[SourceVersion "1"]
[SourceVersionDate "2023.10.10"]
[SourceQuality "1"]

1. e4 c5 2. c3 e6 3. d4 cxd4 4. cxd4 Be7 5. Nc3 a6 6. Qg4 d6 7. e5 g6 8. Nf3 f6 9. Be3 Qa5 10. Bc4 d5 11. Bd3 f5 12. Qg3 Bd7 13. 0-0 Nc6 14. a3 Bf8 15. b4 Qd8 16. b5 Na5 17. Bg5 Be7 18. Bf4 Nc4 19. bxa6 bxa6 20. Bxc4 dxc4 21. d5 exd5 22. Nxd5 Be6 23. Ne3 Bc5 24. Rfd1 Qb6 25. Rab1 Qa7 26. Ng5 Bxe3 27. Bxe3 Qe7 28. Rb6 Bd7 29. e6 Bb5 30. Rb8+ Qd8 1-0

[Event "NOR-chT Clubs"]
[Site "Drammen"]
[Date "2010.10.08"]
[Round "1.47"]
[White "Granum, Roger"]
[Black "Larsen, Martin Halsvik"]
[Result "1-0"]
[WhiteElo "1380"]
[BlackElo "1871"]
[PlyCount "87"]
[EventDate "2010.10.08"]
[EventType "team"]
[EventRounds "6"]
[EventCountry "NOR"]
[SourceTitle "EXT 2015"]
[Source "ChessBase"]
[SourceDate "2014.11.20"]
[SourceVersion "1"]
[SourceVersionDate "2014.11.20"]
[SourceQuality "1"]
[WhiteTeam "Honefoss II"]
[BlackTeam "Trondheim"]
[WhiteTeamCountry "NOR"]
[BlackTeamCountry "NOR"]

1. e4 c5 2. Nc3 e6 3. f4 d5 4. Nf3 Nc6 5. e5 Nge7 6. d4 Nf5 7. Bb5 Qb6 8. Bxc6+ bxc6 9. Na4 Qa5+ 10. c3 cxd4 11. Nxd4 Nxd4 12. Qxd4 c5 13. Qd1 Bd7 14. b4 Qxa4 15. Qxa4 Bxa4 16. a3 cxb4 17. axb4 Bb5 18. Kf2 a5 19. Be3 a4 20. Rhc1 Be7 21. g4 Bh4+ 22. Kg2 g5 23. f5 exf5 24. gxf5 Bd3 25. f6 0-0 26. Kf3 Rfe8 27. Bd4 h5 28. Ra3 g4+ 29. Kf4 Kh7 30. Rca1 Bc2 31. b5 Kg6 32. b6 Be4 33. Rxa4 g3 34. Rxa8 Rxa8 35. Rxa8 gxh2 36. Ra1 Bg5+ 37. Kg3 h1Q 38. Rxh1 Bxh1 39. b7 h4+ 40. Kg4 Be4 41. b8Q Bf5+ 42. Kf3 Be6 43. Qg8+ Kh5 44. Qh7+ 1-0